000 01768cam a22002174a 4500
005 20250605164149.0
008 250528s ||||||||||||||||||||||||d
035 _a19299
020 _a9604021176
040 _aGR-AtMCL
_bgre
_dGR-AtMCL
_eAACR2
245 1 _aΘεωρητικές Προσεγγίσεις για την Ανάλυση των ΜΜΕ
250 _a
260 _bΤυπωθήτω,
_c2004
300 _a120
520 _aΜια αναδρομή στην πορεία των θεωρητικών αναζητήσεων πάνω στις οποίες βασίστηκαν οι αναλύσεις των ΜΜΕ. Πρόλογος, Τα Μέσα Μαζικής Επικοινωνίας, Οι Πρώτες Συζητήσεις, Η Κριτική Σχολή της Φρανκφούρτης, Η Δύναμη του Κειμένου, Η Εισβολή του Κοινού, Τα Νέα Μέσα Επικοινωνίας, Μια Εξαγγελθείσα Επανάσταση, Η Ψηφιακή Τεχνολογία, Η Επικοινωνία της Ταχύτητας, Η Κυριαρχία της Αφθονίας, Η Σύγκλιση, Η Διαδραστικότητα (interactive), Η Κοινωνία της Επικοινωνίας, Η Αποδοτικότητα, Το Διαδίκτυο, Μια Ανανέωση της Δημοκρατίας, Η Καινούργια Ενδυμασία της Επικοινωνίας, Το Ηλεκτρονικό Ταχυδρομείο, Οι Κατάλογοι, Προς μια Εικονική Επικοινωνία, Αντί Επιλόγου, Βιβλιογραφία.
700 1 _aCarrier Jean Pierre
_95532
700 1 _aΑσλανίδου Σοφία
942 _cBK
999 _c4559
_d4559